000 00676nam a2200181Ia 4500
008 100920s9999 xx 000 0 und d
082 _b22703
_a200 थ 67
100 _aसाने गुरुजी.
245 _aराष्ट्रीय हिंदुधर्म.
260 _bइंद्रायणी साहित्य प्रकाशन पुणे 30.
_c1967
300 _a126
_bसाधी
365 _b2.5
520 _aधार्मिक.
630 _aराष्ट्रीय हिंदुधर्म.
650 _aधार्मिक.
730 _aराष्ट्रीय हिंदुधर्म.
942 _cBOOK
999 _c682019
_d682016